| 000 | 01271nam a22002534a 4500 | ||
|---|---|---|---|
| 003 | AR-RoIUNI | ||
| 005 | 20241122062700.0 | ||
| 007 | ta | ||
| 008 | 150616s2006 ag r 100 0 spa d | ||
| 040 | _cIUNIR | ||
| 080 | _a1 | ||
| 111 | 2 |
_aSimposio internacional de filosofía _d(2005 : _cRosario, Argentina) |
|
| 245 |
_aActas del simposio internacional de filosofía. _nVol. 2 _cOrganizado y dirigido por Tomaso Bugossi y William Daros. |
||
| 260 |
_aRosario : _bUCEL, _c2006. |
||
| 300 |
_a203 p. ; _c22 cm |
||
| 500 | _aSimposio llevado a cabo los días 14 y 15 de octubre de 2005, en Rosario, Argentina. | ||
| 505 | 2 |
_tLa filosofía académica y la filosofía como modo de vida: su necesaria complementación / _rJuan Carlos P. Ballesteros. _tReflexiones sobre la persona en la teorización de Michele Federico Sciacca / _rTomaso Bugossi. _tLa construcción del sujeto histórico: pistas hermenéuticas / _rFernando Aranda Fraga. _t¿Cómo recuperar el valor de filosofar hoy? / _rDaniel Lasa. _tComplejidad del filosofar: identidad del filosofar y diversidad de las filosofías / _rW. R. Daros. |
|
| 650 | 4 |
_aPSICOLOGÍA _9108 |
|
| 650 | 1 | 0 |
_aMedicina _958 |
| 650 | 4 |
_aFILOSOFÍA _977 |
|
| 700 | 1 |
_aBugossi,Tomaso. _970 |
|
| 700 | 1 | _aDaros, William R. | |
| 942 |
_cBK _2cdu |
||
| 999 |
_c3914 _d3914 |
||